000 00656nam a2200241Ia 4500
003 OSt
005 20220918183404.0
006 a|||||r|||| 00| 0
007 ta
008 220917b |||||||| |||| 00| 0 eng d
024 _a37,766
037 _cTextual
040 _aARTS
_cARTS
_beng
041 _2eng
_aeng
082 _aO113,3M77,1, 111K1
100 _aHesse Herman
_962685
245 0 _aJourney to the East tr by Hilds Rosner
260 _aNew York
_bBantam Books USA
_c1933
300 _a123p.
_ccm.
650 _aENGLISH LITERATURE
942 _hO113,3M77,1, 111K1
_cTEXL
_2CC
999 _c172491
_d172491